{"text_format":"3","workbook":"xlsx","n_sheets":1,"sheets":["一包（耗材）"],"read":"whole","date_system":"1900"}

{"sheet":"一包（耗材）","index":0,"n_rows":132,"n_cols":8,"rows_kept":132,"merged":[[131,0,131,7]]}
["序号","产品名称","货物名称及规格型号","单位","单价（元）","数量","合计","税率"]
[1,"老虎钳",null,"把",{"v":25,"d":"￥25.00"},50,{"v":1250,"d":"￥1,250.00"},{"v":0.13,"d":"13%"}]
[2,"锂电钻","36V锂电池四电一充","台",{"v":380,"d":"￥380.00"},1,{"v":380,"d":"￥380.00"},{"v":0.13,"d":"13%"}]
[3,"50米皮卷尺",null,"卷",{"v":65,"d":"￥65.00"},10,{"v":650,"d":"￥650.00"},{"v":0.13,"d":"13%"}]
[4,"50钢皮卷尺",null,"卷",{"v":90,"d":"￥90.00"},10,{"v":900,"d":"￥900.00"},{"v":0.13,"d":"13%"}]
[5,"量树尺","2 米/只","只",{"v":10,"d":"￥10.00"},30,{"v":300,"d":"￥300.00"},{"v":0.13,"d":"13%"}]
[6,"抽水器",null,"根",{"v":25,"d":"￥25.00"},10,{"v":250,"d":"￥250.00"},{"v":0.13,"d":"13%"}]
[7,"普通 120 枝剪",null,"把",{"v":25,"d":"￥25.00"},20,{"v":500,"d":"￥500.00"},{"v":0.13,"d":"13%"}]
[8,"130 枝剪",null,"把",{"v":35,"d":"￥35.00"},5,{"v":175,"d":"￥175.00"},{"v":0.13,"d":"13%"}]
[9,"120 枝剪",null,"把",{"v":60,"d":"￥60.00"},10,{"v":600,"d":"￥600.00"},{"v":0.13,"d":"13%"}]
[10,"130DX 枝剪",null,"把",{"v":100,"d":"￥100.00"},10,{"v":1000,"d":"￥1,000.00"},{"v":0.13,"d":"13%"}]
[11,"120DX 枝剪",null,"把",{"v":150,"d":"￥150.00"},10,{"v":1500,"d":"￥1,500.00"},{"v":0.13,"d":"13%"}]
[12,"普通木柄270手锯",null,"把",{"v":25,"d":"￥25.00"},50,{"v":1250,"d":"￥1,250.00"},{"v":0.13,"d":"13%"}]
[13,"手锯270",null,"把",{"v":35,"d":"￥35.00"},50,{"v":1750,"d":"￥1,750.00"},{"v":0.13,"d":"13%"}]
[14,"350手锯",null,"把",{"v":80,"d":"￥80.00"},50,{"v":4000,"d":"￥4,000.00"},{"v":0.13,"d":"13%"}]
[15,"132KT 粗枝大力剪",null,"把",{"v":120,"d":"￥120.00"},5,{"v":600,"d":"￥600.00"},{"v":0.13,"d":"13%"}]
[16,"2322 绿篱剪",null,"把",{"v":70,"d":"￥70.00"},20,{"v":1400,"d":"￥1,400.00"},{"v":0.13,"d":"13%"}]
[17,"2230 绿篱剪草",null,"把",{"v":75,"d":"￥75.00"},5,{"v":375,"d":"￥375.00"},{"v":0.13,"d":"13%"}]
[18,"2103KT 绿篱剪",null,"把",{"v":100,"d":"￥100.00"},20,{"v":2000,"d":"￥2,000.00"},{"v":0.13,"d":"13%"}]
[19,"1015 绿篱剪",null,"把",{"v":65,"d":"￥65.00"},20,{"v":1300,"d":"￥1,300.00"},{"v":0.13,"d":"13%"}]
[20,"加长伸缩绿篱剪",null,"把",{"v":100,"d":"￥100.00"},20,{"v":2000,"d":"￥2,000.00"},{"v":0.13,"d":"13%"}]
[21,"5米高枝剪",null,"把",{"v":260,"d":"￥260.00"},10,{"v":2600,"d":"￥2,600.00"},{"v":0.13,"d":"13%"}]
[22,"7.5米高枝剪",null,"把",{"v":400,"d":"￥400.00"},10,{"v":4000,"d":"￥4,000.00"},{"v":0.13,"d":"13%"}]
[23,"枝剪弹簧",null,"个",{"v":4,"d":"￥4.00"},10,{"v":40,"d":"￥40.00"},{"v":0.13,"d":"13%"}]
[24,"40加厚涂层防爆橡胶水带","20 米/12斤/卷","卷",{"v":100,"d":"￥100.00"},500,{"v":50000,"d":"￥50,000.00"},{"v":0.13,"d":"13%"}]
[25,"40铝合金接扣(含卡箍)",null,"套",{"v":25,"d":"￥25.00"},300,{"v":7500,"d":"￥7,500.00"},{"v":0.13,"d":"13%"}]
[26,"40塑料接扣（含卡箍）",null,"套",{"v":10,"d":"￥10.00"},50,{"v":500,"d":"￥500.00"},{"v":0.13,"d":"13%"}]
[27,"40铝合金接扣密封垫圈",null,"个",{"v":1,"d":"￥1.00"},50,{"v":50,"d":"￥50.00"},{"v":0.13,"d":"13%"}]
[28,"40铝合金直流雾化水枪",null,"把",{"v":70,"d":"￥70.00"},20,{"v":1400,"d":"￥1,400.00"},{"v":0.13,"d":"13%"}]
[29,"50加厚涂层橡胶水带","20 米/卷","卷",{"v":120,"d":"￥120.00"},200,{"v":24000,"d":"￥24,000.00"},{"v":0.13,"d":"13%"}]
[30,"50铝合金接扣（含卡箍）",null,"套",{"v":25,"d":"￥25.00"},50,{"v":1250,"d":"￥1,250.00"},{"v":0.13,"d":"13%"}]
[31,"50塑料接扣（含卡箍）",null,"套",{"v":15,"d":"￥15.00"},50,{"v":750,"d":"￥750.00"},{"v":0.13,"d":"13%"}]
[32,"50铝合金接扣密封垫圈",null,"个",{"v":1.2,"d":"￥1.20"},50,{"v":60,"d":"￥60.00"},{"v":0.13,"d":"13%"}]
[33,"50水泵下水密封垫",null,"个",{"v":2,"d":"￥2.00"},50,{"v":100,"d":"￥100.00"},{"v":0.13,"d":"13%"}]
[34,"50 铝合金直喷雾化枪",null,"把",{"v":80,"d":"￥80.00"},10,{"v":800,"d":"￥800.00"},{"v":0.13,"d":"13%"}]
[35,"50铝合金直流枪",null,"把",{"v":35,"d":"￥35.00"},20,{"v":700,"d":"￥700.00"},{"v":0.13,"d":"13%"}]
[36,"原装50水泵铝合金接头",null,"套",{"v":25,"d":"￥25.00"},30,{"v":750,"d":"￥750.00"},{"v":0.13,"d":"13%"}]
[37,"原装50水泵塑料接头",null,"套",{"v":15,"d":"￥15.00"},10,{"v":150,"d":"￥150.00"},{"v":0.13,"d":"13%"}]
[38,"原装50水泵铝合金管牙",null,"套",{"v":25,"d":"￥25.00"},30,{"v":750,"d":"￥750.00"},{"v":0.13,"d":"13%"}]
[39,"原装50水泵铝合金法兰",null,"只",{"v":45,"d":"￥45.00"},10,{"v":450,"d":"￥450.00"},{"v":0.13,"d":"13%"}]
[40,"50 水泵塑料过滤网原装",null,"套",{"v":25,"d":"￥25.00"},30,{"v":750,"d":"￥750.00"},{"v":0.13,"d":"13%"}]
[41,"50 水泵钢丝进水管（加厚）6 米/根",null,"米",{"v":22,"d":"￥22.00"},100,{"v":2200,"d":"￥2,200.00"},{"v":0.13,"d":"13%"}]
[42,"65 帆布十型消防水带","20 米/卷","卷",{"v":120,"d":"￥120.00"},200,{"v":24000,"d":"￥24,000.00"},{"v":0.13,"d":"13%"}]
[43,"65 铝合金直流雾化枪",null,"把",{"v":80,"d":"￥80.00"},10,{"v":800,"d":"￥800.00"},{"v":0.13,"d":"13%"}]
[44,"65 铝合金直流枪",null,"把",{"v":40,"d":"￥40.00"},10,{"v":400,"d":"￥400.00"},{"v":0.13,"d":"13%"}]
[45,"65 铝合金接扣（含卡箍）",null,"套",{"v":28,"d":"￥28.00"},30,{"v":840,"d":"￥840.00"},{"v":0.13,"d":"13%"}]
[46,"80 水泵橡胶密封垫圈",null,"个",{"v":2,"d":"￥2.00"},10,{"v":20,"d":"￥20.00"},{"v":0.13,"d":"13%"}]
[47,"80 水泵钢丝进水管（加厚）6 米/根",null,"根",{"v":35,"d":"￥35.00"},12,{"v":420,"d":"￥420.00"},{"v":0.13,"d":"13%"}]
[48,"原装80水泵塑料过滤网",null,"套",{"v":35,"d":"￥35.00"},2,{"v":70,"d":"￥70.00"},{"v":0.13,"d":"13%"}]
[49,"原装80水泵铝合金接头",null,"个",{"v":35,"d":"￥35.00"},2,{"v":70,"d":"￥70.00"},{"v":0.13,"d":"13%"}]
[50,"原装80水泵塑料接头",null,"个",{"v":25,"d":"￥25.00"},2,{"v":50,"d":"￥50.00"},{"v":0.13,"d":"13%"}]
[51,"50变25铝合金大小头",null,"只",{"v":20,"d":"￥20.00"},50,{"v":1000,"d":"￥1,000.00"},{"v":0.13,"d":"13%"}]
[52,"50变40铝合金大小头",null,"只",{"v":28,"d":"￥28.00"},50,{"v":1400,"d":"￥1,400.00"},{"v":0.13,"d":"13%"}]
[53,"65变50铝合金大小头",null,"只",{"v":30,"d":"￥30.00"},50,{"v":1500,"d":"￥1,500.00"},{"v":0.13,"d":"13%"}]
[54,"80变40铝合金大小头",null,"只",{"v":35,"d":"￥35.00"},5,{"v":175,"d":"￥175.00"},{"v":0.13,"d":"13%"}]
[55,"80变65铝合金大小头",null,"只",{"v":35,"d":"￥35.00"},5,{"v":175,"d":"￥175.00"},{"v":0.13,"d":"13%"}]
[56,"20加厚PVC防爆塑料水管","长50m*厚3mm/卷","卷",{"v":200,"d":"￥200.00"},100,{"v":20000,"d":"￥20,000.00"},{"v":0.13,"d":"13%"}]
[57,"25加厚PVC防爆塑料水管","长40m*厚3mm/卷","卷",{"v":280,"d":"￥280.00"},100,{"v":28000,"d":"￥28,000.00"},{"v":0.13,"d":"13%"}]
[58,"32加厚PVC防爆塑料水管","长40m*厚4mm/卷","卷",{"v":380,"d":"￥380.00"},20,{"v":7600,"d":"￥7,600.00"},{"v":0.13,"d":"13%"}]
[59,"25塑料水管接扣（含卡箍）",null,"套",{"v":4,"d":"￥4.00"},50,{"v":200,"d":"￥200.00"},{"v":0.13,"d":"13%"}]
[60,"25 铝合金雾化枪",null,"把",{"v":25,"d":"￥25.00"},20,{"v":500,"d":"￥500.00"},{"v":0.13,"d":"13%"}]
[61,"25 塑料雾化枪",null,"把",{"v":20,"d":"￥20.00"},20,{"v":400,"d":"￥400.00"},{"v":0.13,"d":"13%"}]
[62,"消防扳手",null,"把",{"v":25,"d":"￥25.00"},15,{"v":375,"d":"￥375.00"},{"v":0.13,"d":"13%"}]
[63,"地下消防扳手","1 米/根","把",{"v":85,"d":"￥85.00"},2,{"v":170,"d":"￥170.00"},{"v":0.13,"d":"13%"}]
[64,"地下消防扳手","1.5米/根","把",{"v":95,"d":"￥95.00"},2,{"v":190,"d":"￥190.00"},{"v":0.13,"d":"13%"}]
[65,"3吨塑料浇水桶",null,"只",{"v":1500,"d":"￥1,500.00"},10,{"v":15000,"d":"￥15,000.00"},{"v":0.13,"d":"13%"}]
[66,"5吨塑料浇水桶",null,"只",{"v":2800,"d":"￥2,800.00"},10,{"v":28000,"d":"￥28,000.00"},{"v":0.13,"d":"13%"}]
[67,"进口斯蒂尔14寸油锯链条","50 节/根","根",{"v":110,"d":"￥110.00"},30,{"v":3300,"d":"￥3,300.00"},{"v":0.13,"d":"13%"}]
[68,"进口斯蒂尔12寸油锯链条","44 节/根","根",{"v":100,"d":"￥100.00"},10,{"v":1000,"d":"￥1,000.00"},{"v":0.13,"d":"13%"}]
[69,"共立 12 寸链条","47 节/根","根",{"v":105,"d":"￥105.00"},10,{"v":1050,"d":"￥1,050.00"},{"v":0.13,"d":"13%"}]
[70,"共立 14 寸链条","53 节/根","根",{"v":115,"d":"￥115.00"},10,{"v":1150,"d":"￥1,150.00"},{"v":0.13,"d":"13%"}]
[71,"16 寸油锯链条","55 节/根","根",{"v":120,"d":"￥120.00"},10,{"v":1200,"d":"￥1,200.00"},{"v":0.13,"d":"13%"}]
[72,"2T 机油 50:1 配比油","946ml/瓶","瓶",{"v":45,"d":"￥45.00"},20,{"v":900,"d":"￥900.00"},{"v":0.13,"d":"13%"}]
[73,"4T 机油","650ml/瓶","瓶",{"v":35,"d":"￥35.00"},10,{"v":350,"d":"￥350.00"},{"v":0.13,"d":"13%"}]
[74,"4T 机油","3.5L/瓶","瓶",{"v":105,"d":"￥105.00"},10,{"v":1050,"d":"￥1,050.00"},{"v":0.13,"d":"13%"}]
[75,"高温黄油","600 克/瓶","瓶",{"v":45,"d":"￥45.00"},10,{"v":450,"d":"￥450.00"},{"v":0.13,"d":"13%"}]
[76,"链条锉刀",null,"根",{"v":15,"d":"￥15.00"},2,{"v":30,"d":"￥30.00"},{"v":0.13,"d":"13%"}]
[77,"猛钢割灌机刀片",null,"副",{"v":45,"d":"￥45.00"},5,{"v":225,"d":"￥225.00"},{"v":0.13,"d":"13%"}]
[78,"割灌机普通刀片",null,"副",{"v":25,"d":"￥25.00"},5,{"v":125,"d":"￥125.00"},{"v":0.13,"d":"13%"}]
[79,"割灌机尼龙头",null,"个",{"v":70,"d":"￥70.00"},10,{"v":700,"d":"￥700.00"},{"v":0.13,"d":"13%"}]
[80,"火花塞国产（二、四冲程）",null,"只",{"v":15,"d":"￥15.00"},20,{"v":300,"d":"￥300.00"},{"v":0.13,"d":"13%"}]
[81,"火花塞进口（二、四冲程）",null,"只",{"v":25,"d":"￥25.00"},20,{"v":500,"d":"￥500.00"},{"v":0.13,"d":"13%"}]
[82,"12寸油锯导板","斯蒂尔原装","片",{"v":280,"d":"￥280.00"},10,{"v":2800,"d":"￥2,800.00"},{"v":0.13,"d":"13%"}]
[83,"14寸油锯导板","斯蒂尔原装","片",{"v":290,"d":"￥290.00"},2,{"v":580,"d":"￥580.00"},{"v":0.13,"d":"13%"}]
[84,"16寸油锯导板","斯蒂尔原装","片",{"v":300,"d":"￥300.00"},2,{"v":600,"d":"￥600.00"},{"v":0.13,"d":"13%"}]
[85,"12 寸油锯导板","共立原装","片",{"v":260,"d":"￥260.00"},3,{"v":780,"d":"￥780.00"},{"v":0.13,"d":"13%"}]
[86," 14 寸油锯导板","共立原装","片",{"v":280,"d":"￥280.00"},2,{"v":560,"d":"￥560.00"},{"v":0.13,"d":"13%"}]
[87,"82T 绿篱机刀片","斯蒂尔原装","副",{"v":680,"d":"￥680.00"},1,{"v":680,"d":"￥680.00"},{"v":0.13,"d":"13%"}]
[88,"微耕机拖栏 JQ500","日本本田","套",{"v":260,"d":"￥260.00"},1,{"v":260,"d":"￥260.00"},{"v":0.13,"d":"13%"}]
[89,"微耕机皮带 JQ500","日本本田","根",{"v":188,"d":"￥188.00"},5,{"v":940,"d":"￥940.00"},{"v":0.13,"d":"13%"}]
[90,"塑料小喷壶","1.5L/个","个",{"v":20,"d":"￥20.00"},100,{"v":2000,"d":"￥2,000.00"},{"v":0.13,"d":"13%"}]
[91,"16L 手压式打药机",null,"台",{"v":60,"d":"￥60.00"},30,{"v":1800,"d":"￥1,800.00"},{"v":0.13,"d":"13%"}]
[92,"16L 电动打药机",null,"台",{"v":200,"d":"￥200.00"},50,{"v":10000,"d":"￥10,000.00"},{"v":0.13,"d":"13%"}]
[93,"草坪机 20 寸刀片",null,"付",{"v":100,"d":"￥100.00"},1,{"v":100,"d":"￥100.00"},{"v":0.13,"d":"13%"}]
[94,"4L 微耕机齿轮油","1L/瓶","瓶",{"v":90,"d":"￥90.00"},1,{"v":90,"d":"￥90.00"},{"v":0.13,"d":"13%"}]
[95,"水泵启动总成",null,"套",{"v":95,"d":"￥95.00"},2,{"v":190,"d":"￥190.00"},{"v":0.13,"d":"13%"}]
[96,"微耕机刀片 JQ500",null,"套",{"v":680,"d":"￥680.00"},1,{"v":680,"d":"￥680.00"},{"v":0.13,"d":"13%"}]
[97,"微耕机引擎底座组合 JQ500",null,"套",{"v":1000,"d":"￥1,000.00"},1,{"v":1000,"d":"￥1,000.00"},{"v":0.13,"d":"13%"}]
[98,"160L 打药机出水管8mm","50米/ 卷（高压）","卷",{"v":240,"d":"￥240.00"},2,{"v":480,"d":"￥480.00"},{"v":0.13,"d":"13%"}]
[99,"300L 打药机出水管 13mm","50米/ 卷（高压）","卷",{"v":260,"d":"￥260.00"},1,{"v":260,"d":"￥260.00"},{"v":0.13,"d":"13%"}]
[100,"手推式打药机传动皮带",null,"根",{"v":25,"d":"￥25.00"},2,{"v":50,"d":"￥50.00"},{"v":0.13,"d":"13%"}]
[101,"共立 350ES 手油泵",null,"个",{"v":25,"d":"￥25.00"},5,{"v":125,"d":"￥125.00"},{"v":0.13,"d":"13%"}]
[102,"卡丝",null,"米",{"v":3,"d":"￥3.00"},200,{"v":600,"d":"￥600.00"},{"v":0.13,"d":"13%"}]
[103,"大棚胶木卡","8 厘米/个","个",{"v":3,"d":"￥3.00"},500,{"v":1500,"d":"￥1,500.00"},{"v":0.13,"d":"13%"}]
[104,"大棚标准管","1 米/根","根",{"v":25,"d":"￥25.00"},250,{"v":6250,"d":"￥6,250.00"},{"v":0.13,"d":"13%"}]
[105,"铝合金卫生钳",null,"把",{"v":25,"d":"￥25.00"},2,{"v":50,"d":"￥50.00"},{"v":0.13,"d":"13%"}]
[106,"汽车轮胎充气泵（配压力表）",null,"台",{"v":380,"d":"￥380.00"},1,{"v":380,"d":"￥380.00"},{"v":0.13,"d":"13%"}]
[107,"120 空滤芯","斯蒂尔","个",{"v":20,"d":"￥20.00"},50,{"v":1000,"d":"￥1,000.00"},{"v":0.13,"d":"13%"}]
[108,"82T 空滤芯","斯蒂尔","个",{"v":20,"d":"￥20.00"},30,{"v":600,"d":"￥600.00"},{"v":0.13,"d":"13%"}]
[109,"192 油锯空滤总成",null,"只",{"v":35,"d":"￥35.00"},2,{"v":70,"d":"￥70.00"},{"v":0.13,"d":"13%"}]
[110,"192 油锯启动弹簧",null,"个",{"v":55,"d":"￥55.00"},2,{"v":110,"d":"￥110.00"},{"v":0.13,"d":"13%"}]
[111,"300L 高空打药机大枪","1.2米/把","把",{"v":150,"d":"￥150.00"},5,{"v":750,"d":"￥750.00"},{"v":0.13,"d":"13%"}]
[112,"300L 高空打药机小枪","80厘米/把","把",{"v":45,"d":"￥45.00"},5,{"v":225,"d":"￥225.00"},{"v":0.13,"d":"13%"}]
[113,"6 角磁力消防扳",null,"把",{"v":180,"d":"￥180.00"},10,{"v":1800,"d":"￥1,800.00"},{"v":0.13,"d":"13%"}]
[114,"三普挖树机刀片",null,"付",{"v":350,"d":"￥350.00"},1,{"v":350,"d":"￥350.00"},{"v":0.13,"d":"13%"}]
[115,"树枝粉碎机刀片","强力600型锰钢材质","付",{"v":1080,"d":"￥1,080.00"},1,{"v":1080,"d":"￥1,080.00"},{"v":0.13,"d":"13%"}]
[116,"控根容器","宽 80mm/平方","平方",{"v":7,"d":"￥7.00"},50,{"v":350,"d":"￥350.00"},{"v":0.13,"d":"13%"}]
[117,"FS120 反牙螺母",null,"个",{"v":25,"d":"￥25.00"},2,{"v":50,"d":"￥50.00"},{"v":0.13,"d":"13%"}]
[118,"FS120 刀片压块",null,"个",{"v":25,"d":"￥25.00"},5,{"v":125,"d":"￥125.00"},{"v":0.13,"d":"13%"}]
[119,"FS120 刀片托盘","斯蒂尔原装","个",{"v":35,"d":"￥35.00"},5,{"v":175,"d":"￥175.00"},{"v":0.13,"d":"13%"}]
[120,"FS120 主动轴","斯蒂尔原装","根",{"v":180,"d":"￥180.00"},1,{"v":180,"d":"￥180.00"},{"v":0.13,"d":"13%"}]
[121,"FS120 传动杆","斯蒂尔原装","根",{"v":190,"d":"￥190.00"},1,{"v":190,"d":"￥190.00"},{"v":0.13,"d":"13%"}]
[122,"FS120 齿轮头总成","斯蒂尔原装","套",{"v":450,"d":"￥450.00"},1,{"v":450,"d":"￥450.00"},{"v":0.13,"d":"13%"}]
[123,"FS120 化油器","斯蒂尔原装","个",{"v":350,"d":"￥350.00"},1,{"v":350,"d":"￥350.00"},{"v":0.13,"d":"13%"}]
[124,"FS120 点火模块","斯蒂尔原装","个",{"v":300,"d":"￥300.00"},2,{"v":600,"d":"￥600.00"},{"v":0.13,"d":"13%"}]
[125,"82T化油器","斯蒂尔原装","个",{"v":320,"d":"￥320.00"},1,{"v":320,"d":"￥320.00"},{"v":0.13,"d":"13%"}]
[126,"82T 点火模块","斯蒂尔原装","个",{"v":300,"d":"￥300.00"},1,{"v":300,"d":"￥300.00"},{"v":0.13,"d":"13%"}]
[127,"82T 汽缸总成","斯蒂尔原装","套",{"v":450,"d":"￥450.00"},1,{"v":450,"d":"￥450.00"},{"v":0.13,"d":"13%"}]
[128,"82T 刀片","斯蒂尔原装","副",{"v":650,"d":"￥650.00"},1,{"v":650,"d":"￥650.00"},{"v":0.13,"d":"13%"}]
[129,"82T 连杆","斯蒂尔原装","个",{"v":130,"d":"￥130.00"},1,{"v":130,"d":"￥130.00"},{"v":0.13,"d":"13%"}]
[130,"微耕机化油器 FJ500",null,"个",{"v":380,"d":"￥380.00"},1,{"v":380,"d":"￥380.00"},{"v":0.13,"d":"13%"}]
["合计：¥308105"]